[Event "Team women final 2016"]
[Site "Sochi"]
[Date "2016.05.02"]
[Round "2.11"]
[White "Drozdova, Dina"]
[Black "Mkrtchian, Lilit"]
[Result "1/2-1/2"]
[LiveChessVersion "1.4.4"]
[BlackElo "2434"]
[WhiteElo "2235"]
[BlackTeam "Ugra"]
[WhiteTeam "Boavishta"]

1. d4 {[%clk 1:30:53]} Nf6 {[%clk 1:30:42]} 2. c4 {[%clk 1:31:03]} e6
{[%clk 1:31:02]} 3. Nf3 {[%clk 1:31:08]} b6 {[%clk 1:30:42]} 4. e3
{[%clk 1:31:05]} Bb7 {[%clk 1:30:08]} 5. Bd3 {[%clk 1:31:14]} d5 {[%clk 1:28:50]}
6. Nc3 {[%clk 1:28:58]} Bd6 {[%clk 1:28:15]} 7. O-O {[%clk 1:26:36]} a6
{[%clk 1:26:45]} 8. Qe2 {[%clk 1:20:51]} Ne4 {[%clk 1:18:23]} 9. Nd2
{[%clk 1:12:00]} Nxd2 {[%clk 0:44:24]} 10. Bxd2 {[%clk 1:11:31]} dxc4
{[%clk 0:43:44]} 11. Bxc4 {[%clk 1:11:10]} Nd7 {[%clk 0:42:14]} 12. f4
{[%clk 0:53:45]} O-O {[%clk 0:34:25]} 13. Bd3 {[%clk 0:45:55]} c5
{[%clk 0:32:08]} 14. Ne4 {[%clk 0:44:20]} Be7 {[%clk 0:30:56]} 15. dxc5
{[%clk 0:40:23]} Nxc5 {[%clk 0:30:57]} 16. Nxc5 {[%clk 0:40:40]} Bxc5
{[%clk 0:31:08]} 17. Rad1 {[%clk 0:32:02]} Qe7 {[%clk 0:28:04]} 18. Bc3
{[%clk 0:30:18]} Rfd8 {[%clk 0:27:25]} 19. Kh1 {[%clk 0:26:29]} a5
{[%clk 0:16:07]} 20. Qg4 {[%clk 0:18:44]} f5 {[%clk 0:11:52]} 21. Qe2
{[%clk 0:18:24]} Bd5 {[%clk 0:07:50]} 22. a3 {[%clk 0:12:38]} Qb7
{[%clk 0:07:24]} 23. Bc4 {[%clk 0:07:41]} Bxc4 {[%clk 0:02:45]} 24. Qxc4
{[%clk 0:07:59]} Qe4 {[%clk 0:02:45]} 25. Qxe4 {[%clk 0:06:08]} fxe4
{[%clk 0:03:12]} 26. Bd4 {[%clk 0:05:18]} Bxd4 {[%clk 0:03:35]} 27. exd4
{[%clk 0:05:31]} Rac8 {[%clk 0:03:46]} 28. Rfe1 {[%clk 0:05:50]} Rc2
{[%clk 0:01:35]} 29. b4 {[%clk 0:03:31]} axb4 {[%clk 0:01:48]} 30. axb4
{[%clk 0:03:56]} Rb2 {[%clk 0:00:41]} 31. Rxe4 {[%clk 0:04:18]} Rxb4
{[%clk 0:01:08]} 32. Rxe6 {[%clk 0:01:17]} Rdxd4 {[%clk 0:01:10]} 33. Rde1
{[%clk 0:00:46]} Rxf4 {[%clk 0:01:30]} 34. h3 {[%clk 0:01:05]} Rb2
{[%clk 0:00:54]} 35. R1e3 {[%clk 0:00:44]} b5 {[%clk 0:00:38]} 36. Rb6
{[%clk 0:00:43]} Rf8 {[%clk 0:00:35]} 37. Rb7 {[%clk 0:01:05]} Rb1+
{[%clk 0:00:35]} 38. Kh2 {[%clk 0:01:31]} Rbf1 {[%clk 0:00:51]} 39. Rxb5
{[%clk 0:01:34]} R1f5 {[%clk 0:01:08]} 40. Rxf5 {[%clk 0:31:42]} Rxf5
{[%clk 0:31:35]} 1/2-1/2

[Event "Team women final 2016"]
[Site "Sochi"]
[Date "2016.05.02"]
[Round "2.12"]
[White "Kovanova, Baira"]
[Black "Vasilevich, Irina"]
[Result "1/2-1/2"]
[LiveChessVersion "1.4.4"]
[BlackElo "2286"]
[WhiteElo "2391"]
[BlackTeam "Boavishta"]
[WhiteTeam "Ugra"]

1. d4 {[%clk 1:30:58]} Nf6 {[%clk 1:30:04]} 2. c4 {[%clk 1:30:59]} e6
{[%clk 1:30:29]} 3. Nf3 {[%clk 1:31:18]} d5 {[%clk 1:30:46]} 4. g3
{[%clk 1:31:29]} Be7 {[%clk 1:24:36]} 5. Bg2 {[%clk 1:31:24]} O-O
{[%clk 1:24:58]} 6. O-O {[%clk 1:31:44]} dxc4 {[%clk 1:24:17]} 7. Ne5
{[%clk 1:29:43]} a6 {[%clk 1:19:23]} 8. Nc3 {[%clk 1:22:37]} Ra7 {[%clk 0:59:26]}
9. a4 {[%clk 1:14:24]} b6 {[%clk 0:52:45]} 10. Nxc4 {[%clk 1:04:02]} c5
{[%clk 0:38:40]} 11. Bf4 {[%clk 0:56:43]} Bb7 {[%clk 0:32:33]} 12. dxc5
{[%clk 0:46:29]} Bxc5 {[%clk 0:29:38]} 13. Qxd8 {[%clk 0:33:03]} Rxd8
{[%clk 0:29:46]} 14. Rfd1 {[%clk 0:30:53]} Rxd1+ {[%clk 0:27:55]} 15. Rxd1
{[%clk 0:28:51]} Nbd7 {[%clk 0:28:14]} 16. e4 {[%clk 0:22:44]} h6
{[%clk 0:24:30]} 17. Bd6 {[%clk 0:15:49]} Bxd6 {[%clk 0:16:31]} 18. Nxd6
{[%clk 0:15:40]} e5 {[%clk 0:09:04]} 19. Bh3 {[%clk 0:14:02]} Nf8
{[%clk 0:05:02]} 20. f3 {[%clk 0:13:25]} Bc6 {[%clk 0:02:09]} 21. Nc8
{[%clk 0:08:44]} Rb7 {[%clk 0:02:34]} 22. Rd8 {[%clk 0:06:14]} Bd7
{[%clk 0:02:16]} 23. Bf1 {[%clk 0:04:49]} Bxc8 {[%clk 0:01:52]} 24. Bxa6
{[%clk 0:03:38]} Rd7 {[%clk 0:02:02]} 25. Rxc8 {[%clk 0:04:02]} g5
{[%clk 0:01:20]} 26. Rc6 {[%clk 0:02:25]} Kg7 {[%clk 0:01:47]} 27. Rxb6
{[%clk 0:02:09]} Rd2 {[%clk 0:00:52]} 28. Bc4 {[%clk 0:01:53]} g4
{[%clk 0:00:56]} 29. fxg4 {[%clk 0:01:20]} Nxg4 {[%clk 0:01:18]} 30. Rb7
{[%clk 0:01:14]} Nd7 {[%clk 0:01:38]} 31. Bd5 {[%clk 0:01:24]} Nxh2
{[%clk 0:01:41]} 32. Rxd7 {[%clk 0:00:40]} Nf3+ {[%clk 0:02:05]} 33. Kf1
{[%clk 0:01:05]} Nh2+ {[%clk 0:02:32]} 34. Ke1 {[%clk 0:01:25]} Nf3+
{[%clk 0:02:59]} 35. Kf1 {[%clk 0:01:50]} Nh2+ {[%clk 0:03:26]} 36. Ke1
{[%clk 0:02:15]} Nf3+ {[%clk 0:03:50]} 37. Kf1 {[%clk 0:02:40]} 1/2-1/2

[Event "Team women final 2016"]
[Site "Sochi"]
[Date "2016.05.02"]
[Round "2.13"]
[White "Galliamova, Alisa"]
[Black "Shuvalova, Polina"]
[Result "0-1"]
[LiveChessVersion "1.4.4"]
[BlackElo "2320"]
[WhiteElo "2475"]
[BlackTeam "MoscowYouth"]
[WhiteTeam "Ladya"]

1. d4 {[%clk 1:30:56]} Nf6 {[%clk 1:30:57]} 2. c4 {[%clk 1:31:18]} g6
{[%clk 1:31:24]} 3. Nf3 {[%clk 1:31:43]} Bg7 {[%clk 1:31:49]} 4. e3
{[%clk 1:32:07]} O-O {[%clk 1:31:54]} 5. Be2 {[%clk 1:32:29]} d6 {[%clk 1:32:20]}
6. O-O {[%clk 1:32:44]} Nbd7 {[%clk 1:32:32]} 7. Nc3 {[%clk 1:33:02]} e5
{[%clk 1:32:56]} 8. Qc2 {[%clk 1:33:03]} Re8 {[%clk 1:32:56]} 9. Re1
{[%clk 1:32:46]} c6 {[%clk 1:27:34]} 10. b4 {[%clk 1:25:22]} e4 {[%clk 1:27:29]}
11. Nd2 {[%clk 1:25:41]} Qe7 {[%clk 1:27:46]} 12. b5 {[%clk 1:21:58]} c5
{[%clk 1:17:38]} 13. Bb2 {[%clk 1:06:07]} h5 {[%clk 1:11:37]} 14. h3
{[%clk 0:52:02]} h4 {[%clk 1:06:16]} 15. Rad1 {[%clk 0:48:50]} Nf8
{[%clk 1:02:04]} 16. Bf1 {[%clk 0:46:45]} Bf5 {[%clk 0:59:32]} 17. dxc5
{[%clk 0:45:27]} dxc5 {[%clk 0:59:38]} 18. Nd5 {[%clk 0:45:21]} Nxd5
{[%clk 0:56:48]} 19. cxd5 {[%clk 0:45:38]} Bxb2 {[%clk 0:55:01]} 20. Qxb2
{[%clk 0:46:04]} Rad8 {[%clk 0:55:01]} 21. Nc4 {[%clk 0:45:23]} b6
{[%clk 0:46:47]} 22. Rd2 {[%clk 0:37:53]} g5 {[%clk 0:38:31]} 23. Red1
{[%clk 0:34:00]} Rd6 {[%clk 0:34:32]} 24. f3 {[%clk 0:13:03]} Nd7
{[%clk 0:30:17]} 25. f4 {[%clk 0:07:30]} Rg6 {[%clk 0:23:43]} 26. d6
{[%clk 0:07:36]} Qf8 {[%clk 0:15:20]} 27. fxg5 {[%clk 0:06:34]} Rxg5
{[%clk 0:14:56]} 28. Rd5 {[%clk 0:06:18]} Qh6 {[%clk 0:14:20]} 29. Kh2
{[%clk 0:05:19]} Be6 {[%clk 0:11:33]} 30. Rxg5+ {[%clk 0:05:23]} Qxg5
{[%clk 0:12:01]} 31. Qf2 {[%clk 0:05:23]} Kh7 {[%clk 0:09:48]} 32. Qf4
{[%clk 0:02:36]} Qxf4+ {[%clk 0:07:02]} 33. exf4 {[%clk 0:03:02]} Rg8
{[%clk 0:07:21]} 34. Ne5 {[%clk 0:01:14]} Nxe5 {[%clk 0:05:28]} 35. fxe5
{[%clk 0:01:41]} Kg6 {[%clk 0:05:25]} 36. Be2 {[%clk 0:00:40]} Kf5
{[%clk 0:05:34]} 37. Bg4+ {[%clk 0:00:46]} Kxe5 {[%clk 0:05:52]} 38. Bxe6
{[%clk 0:00:39]} Kxe6 {[%clk 0:06:11]} 39. Rf1 {[%clk 0:00:49]} f5
{[%clk 0:05:23]} 40. Rf4 {[%clk 0:30:44]} Rd8 {[%clk 0:35:12]} 41. Rxh4
{[%clk 0:19:32]} Rxd6 {[%clk 0:35:28]} 42. Rh8 {[%clk 0:15:09]} c4
{[%clk 0:26:54]} 43. Kg3 {[%clk 0:07:53]} Ke5 {[%clk 0:25:25]} 44. Re8+
{[%clk 0:08:15]} Kd4 {[%clk 0:24:49]} 45. Kf4 {[%clk 0:08:34]} c3
{[%clk 0:21:37]} 46. Kxf5 {[%clk 0:01:58]} e3 {[%clk 0:21:32]} 47. Ke5+ 0-1

[Event "Team women final 2016"]
[Site "Sochi"]
[Date "2016.05.02"]
[Round "2.14"]
[White "Ivanova, Karina"]
[Black "Ambartsumova, Karina"]
[Result "1/2-1/2"]
[LiveChessVersion "1.4.4"]
[BlackElo "2307"]
[WhiteElo "2133"]
[BlackTeam "Ladya"]
[WhiteTeam "MoscowYouth"]

1. d4 {[%clk 1:30:57]} Nf6 {[%clk 1:30:42]} 2. Nf3 {[%clk 1:31:13]} e6
{[%clk 1:30:41]} 3. c4 {[%clk 1:31:33]} d5 {[%clk 1:30:50]} 4. Nc3
{[%clk 1:31:30]} Bb4 {[%clk 1:30:53]} 5. cxd5 {[%clk 1:31:27]} exd5
{[%clk 1:30:37]} 6. Bg5 {[%clk 1:31:33]} h6 {[%clk 1:28:54]} 7. Bxf6
{[%clk 1:31:40]} Qxf6 {[%clk 1:27:24]} 8. Qb3 {[%clk 1:31:35]} c5
{[%clk 1:19:07]} 9. dxc5 {[%clk 1:12:05]} Bxc3+ {[%clk 0:45:26]} 10. Qxc3
{[%clk 1:11:47]} Qxc3+ {[%clk 0:45:43]} 11. bxc3 {[%clk 1:12:12]} Na6
{[%clk 0:40:19]} 12. e3 {[%clk 0:52:10]} Nxc5 {[%clk 0:39:40]} 13. Bb5+
{[%clk 0:49:55]} Ke7 {[%clk 0:33:16]} 14. Nd4 {[%clk 0:37:19]} Be6
{[%clk 0:28:36]} 15. f3 {[%clk 0:33:47]} Rhc8 {[%clk 0:23:14]} 16. Kd2
{[%clk 0:34:08]} Rc7 {[%clk 0:22:47]} 17. Rhc1 {[%clk 0:24:43]} Rac8
{[%clk 0:15:07]} 18. Be2 {[%clk 0:17:58]} Bd7 {[%clk 0:10:42]} 19. Bd1
{[%clk 0:17:29]} Ba4 {[%clk 0:06:57]} 20. Be2 {[%clk 0:17:52]} Bd7
{[%clk 0:05:12]} 21. Bd1 {[%clk 0:18:16]} Ba4 {[%clk 0:04:10]} 22. Be2
{[%clk 0:18:40]} Bd7 {[%clk 0:01:36]} 1/2-1/2

[Event "Team women final 2016"]
[Site "Sochi"]
[Date "2016.05.02"]
[Round "2.15"]
[White "Khazieva, Elza"]
[Black "Borisova, Ekaterina"]
[Result "1/2-1/2"]
[LiveChessVersion "1.4.4"]
[BlackElo "2058"]
[WhiteElo "2147"]
[BlackTeam "MoscowYouth"]
[WhiteTeam "Ladya"]

1. e4 {[%clk 1:30:56]} c5 {[%clk 1:30:58]} 2. Nf3 {[%clk 1:31:18]} d6
{[%clk 1:31:25]} 3. Bb5+ {[%clk 1:31:18]} Bd7 {[%clk 1:31:50]} 4. Bxd7+
{[%clk 1:31:36]} Qxd7 {[%clk 1:32:15]} 5. O-O {[%clk 1:31:56]} Nf6
{[%clk 1:32:42]} 6. Qe2 {[%clk 1:31:54]} Nc6 {[%clk 1:32:38]} 7. Rd1
{[%clk 1:31:49]} e6 {[%clk 1:31:48]} 8. d4 {[%clk 1:30:46]} cxd4 {[%clk 1:31:06]}
9. Nxd4 {[%clk 1:31:10]} Be7 {[%clk 1:30:30]} 10. c4 {[%clk 1:28:45]} O-O
{[%clk 1:29:17]} 11. Nc3 {[%clk 1:25:37]} a6 {[%clk 1:24:35]} 12. b3
{[%clk 1:11:32]} Rab8 {[%clk 1:14:46]} 13. Bb2 {[%clk 1:03:06]} Rfc8
{[%clk 1:09:09]} 14. Nf3 {[%clk 0:50:43]} Qe8 {[%clk 1:07:36]} 15. Rd2
{[%clk 0:44:12]} b5 {[%clk 0:59:46]} 16. cxb5 {[%clk 0:37:29]} axb5
{[%clk 0:59:36]} 17. Nxb5 {[%clk 0:32:15]} Nxe4 {[%clk 0:56:43]} 18. Qxe4
{[%clk 0:31:14]} Rxb5 {[%clk 0:57:08]} 19. Rc2 {[%clk 0:26:28]} Rb4
{[%clk 0:43:48]} 20. Qe3 {[%clk 0:22:07]} Rbb8 {[%clk 0:42:31]} 21. Rac1
{[%clk 0:13:03]} Bf8 {[%clk 0:34:35]} 22. a3 {[%clk 0:08:09]} Ne7
{[%clk 0:25:22]} 23. Rxc8 {[%clk 0:04:13]} Rxc8 {[%clk 0:25:45]} 24. Rxc8
{[%clk 0:02:47]} Qxc8 {[%clk 0:26:11]} 25. Qc3 {[%clk 0:02:04]} Qa6
{[%clk 0:25:29]} 26. h3 {[%clk 0:01:51]} Nd5 {[%clk 0:25:02]} 27. Qd4
{[%clk 0:01:41]} Qb5 {[%clk 0:23:50]} 28. Nd2 {[%clk 0:01:00]} e5
{[%clk 0:23:12]} 29. Qc4 {[%clk 0:01:11]} Qb7 {[%clk 0:23:07]} 30. b4
{[%clk 0:01:08]} Nf4 {[%clk 0:19:35]} 31. Qe4 {[%clk 0:01:20]} Qb5
{[%clk 0:18:09]} 32. Qc4 {[%clk 0:01:33]} Qa4 {[%clk 0:17:40]} 33. Qb3
{[%clk 0:00:41]} Qc6 {[%clk 0:17:17]} 34. Nf3 {[%clk 0:01:01]} Qe4
{[%clk 0:17:05]} 35. b5 {[%clk 0:00:44]} Qb1+ {[%clk 0:17:19]} 36. Kh2
{[%clk 0:01:04]} Qf1 {[%clk 0:17:30]} 37. Nh4 {[%clk 0:00:59]} Ne2
{[%clk 0:16:34]} 38. Nf3 {[%clk 0:00:59]} e4 {[%clk 0:16:38]} 39. h4
{[%clk 0:00:38]} exf3 {[%clk 0:13:56]} 40. Qxf3 {[%clk 0:30:57]} Qg1+
{[%clk 0:43:57]} 41. Kh3 {[%clk 0:31:25]} Qh1+ {[%clk 0:44:14]} 42. Kg4
{[%clk 0:31:49]} f5+ {[%clk 0:44:23]} 43. Kxf5 {[%clk 0:29:41]} Qb1+
{[%clk 0:44:45]} 44. Ke6 {[%clk 0:29:17]} Qa2+ {[%clk 0:44:09]} 45. Kd7
{[%clk 0:28:00]} Qxb2 {[%clk 0:43:31]} 46. Qd5+ {[%clk 0:28:23]} Kh8
{[%clk 0:43:57]} 47. Qf5 {[%clk 0:28:09]} Kg8 {[%clk 0:38:16]} 48. Qd5+
{[%clk 0:28:12]} Kh8 {[%clk 0:38:41]} 49. Qf5 {[%clk 0:28:40]} 1/2-1/2

[Event "Team women final 2016"]
[Site "Sochi"]
[Date "2016.05.02"]
[Round "2.16"]
[White "Yurovskikh, Yasmin"]
[Black "Markelova, Lubov"]
[Result "0-1"]
[LiveChessVersion "1.4.4"]
[BlackElo "2059"]
[WhiteElo "1892"]
[BlackTeam "Ladya"]
[WhiteTeam "MoscowYouth"]

1. d4 {[%clk 1:30:58]} d5 {[%clk 1:30:23]} 2. Nf3 {[%clk 1:31:24]} Nf6
{[%clk 1:30:28]} 3. e3 {[%clk 1:31:48]} Bf5 {[%clk 1:27:04]} 4. Bd3
{[%clk 1:30:22]} Bxd3 {[%clk 1:21:09]} 5. cxd3 {[%clk 1:30:41]} c6
{[%clk 1:11:07]} 6. O-O {[%clk 1:30:57]} e6 {[%clk 1:10:51]} 7. Nc3
{[%clk 1:27:41]} Be7 {[%clk 1:08:14]} 8. e4 {[%clk 1:14:41]} O-O {[%clk 1:02:38]}
9. Bg5 {[%clk 1:10:36]} Nbd7 {[%clk 0:40:50]} 10. e5 {[%clk 0:56:12]} Nh5
{[%clk 0:32:32]} 11. Bxe7 Qxe7 {[%clk 0:32:55]} 12. Qd2 {[%clk 0:44:49]} g6
{[%clk 0:29:20]} 13. Qh6 {[%clk 0:42:41]} f5 {[%clk 0:20:44]} 14. exf6
{[%clk 0:42:58]} Rxf6 {[%clk 0:18:27]} 15. Qe3 {[%clk 0:34:44]} Ng7
{[%clk 0:15:27]} 16. Rae1 {[%clk 0:19:49]} Qb4 {[%clk 0:07:15]} 17. Qc1
{[%clk 0:12:31]} Re8 {[%clk 0:05:28]} 18. a3 {[%clk 0:12:19]} Qd6
{[%clk 0:02:14]} 19. Ne5 {[%clk 0:11:15]} Rf5 {[%clk 0:01:08]} 20. Ng4
{[%clk 0:06:53]} Rff8 {[%clk 0:00:41]} 21. f4 {[%clk 0:06:02]} Nf5
{[%clk 0:00:47]} 22. Ne2 {[%clk 0:06:09]} c5 {[%clk 0:00:41]} 23. dxc5
{[%clk 0:04:49]} Nxc5 {[%clk 0:00:48]} 24. Qc3 {[%clk 0:04:44]} Nd7
{[%clk 0:00:35]} 25. d4 {[%clk 0:03:55]} Rc8 {[%clk 0:00:40]} 26. Qd3
{[%clk 0:02:39]} Kg7 {[%clk 0:00:37]} 27. Rf3 {[%clk 0:01:51]} h5
{[%clk 0:00:39]} 28. Ne3 {[%clk 0:01:56]} Nf6 {[%clk 0:00:40]} 29. Nc3 Rfe8
{[%clk 0:00:39]} 30. g3 {[%clk 0:01:23]} Qb6 {[%clk 0:00:44]} 31. Nxf5+
{[%clk 0:01:14]} gxf5 {[%clk 0:00:35]} 32. Rf2 {[%clk 0:01:30]} Ne4
{[%clk 0:00:48]} 33. Rfe2 {[%clk 0:01:27]} Rc4 {[%clk 0:00:39]} 34. Rd1
{[%clk 0:01:51]} Rec8 {[%clk 0:00:47]} 35. Nxe4 {[%clk 0:00:50]} dxe4
{[%clk 0:01:02]} 36. Qe3 {[%clk 0:00:52]} Rc2 {[%clk 0:00:53]} 37. Rxc2
{[%clk 0:01:00]} Rxc2 {[%clk 0:01:18]} 38. Rd2 {[%clk 0:01:00]} Qxb2
{[%clk 0:00:57]} 39. Rxc2 {[%clk 0:01:07]} Qxc2 {[%clk 0:01:24]} 40. h3
{[%clk 0:30:44]} Qd1+ {[%clk 0:30:44]} 41. Kh2 {[%clk 0:30:10]} Qc2+
{[%clk 0:23:25]} 42. Kh1 {[%clk 0:30:24]} Kf6 {[%clk 0:21:11]} 43. d5
{[%clk 0:27:42]} Qd1+ {[%clk 0:16:05]} 44. Kh2 {[%clk 0:28:08]} Qxd5
{[%clk 0:14:09]} 45. Qc3+ {[%clk 0:27:17]} Ke7 {[%clk 0:12:12]} 46. Qc7+ Qd7
{[%clk 0:05:32]} 47. Qc5+ {[%clk 0:24:14]} Kf6 {[%clk 0:04:00]} 48. Qf8+
{[%clk 0:21:56]} Qf7 {[%clk 0:02:58]} 49. Qd8+ {[%clk 0:21:00]} Kg7
{[%clk 0:02:55]} 50. Qd4+ {[%clk 0:20:50]} Kh7 {[%clk 0:01:25]} 51. Qxa7
{[%clk 0:18:00]} Qc7 {[%clk 0:01:01]} 52. Qd4 {[%clk 0:11:19]} h4
{[%clk 0:01:01]} 53. Qf2 {[%clk 0:09:41]} Qc3 {[%clk 0:00:44]} 54. g4
{[%clk 0:08:00]} Kg6 {[%clk 0:00:38]} 55. Qxh4 {[%clk 0:07:23]} Qd2+
{[%clk 0:00:51]} 56. Kh1 {[%clk 0:07:08]} Qxf4 {[%clk 0:00:41]} 57. gxf5+
{[%clk 0:06:06]} Qxf5 {[%clk 0:00:42]} 58. Qg3+ {[%clk 0:06:00]} Qg5
{[%clk 0:00:37]} 59. Qd6 {[%clk 0:05:02]} Qd5 {[%clk 0:00:36]} 60. Qg3+ Qg5
{[%clk 0:01:01]} 61. Qd6 {[%clk 0:05:30]} Qc1+ {[%clk 0:00:49]} 62. Kh2
{[%clk 0:05:44]} Qc2+ {[%clk 0:01:07]} 63. Kh1 {[%clk 0:05:49]} Qb3
{[%clk 0:01:29]} 64. Qe5 {[%clk 0:04:05]} Qxh3+ {[%clk 0:01:34]} 65. Kg1
{[%clk 0:04:28]} Qg4+ {[%clk 0:01:57]} 0-1

[Event "Team women final 2016"]
[Site "Sochi"]
[Date "2016.05.03"]
[Round "3.2"]
[White "Ambartsumova, Karina"]
[Black "Mkrtchian, Lilit"]
[Result "1/2-1/2"]
[LiveChessVersion "1.4.4"]
[BlackElo "2434"]
[WhiteElo "2307"]
[BlackTeam "Ugra"]
[WhiteTeam "Ladya"]

1. e4 {[%clk 1:30:43]} e6 {[%clk 1:30:42]} 2. d4 {[%clk 1:30:40]} d5
{[%clk 1:31:03]} 3. Nc3 {[%clk 1:30:27]} dxe4 {[%clk 1:31:10]} 4. Nxe4
{[%clk 1:29:21]} Nd7 {[%clk 1:31:32]} 5. Bd3 {[%clk 1:22:48]} Ngf6
{[%clk 1:31:32]} 6. Nf3 {[%clk 1:19:43]} c5 {[%clk 1:30:57]} 7. Nxf6+
{[%clk 1:12:58]} Nxf6 {[%clk 1:31:11]} 8. dxc5 {[%clk 1:10:53]} Bxc5
{[%clk 1:31:06]} 9. Qe2 {[%clk 1:05:47]} O-O {[%clk 1:30:55]} 10. Bg5
{[%clk 0:58:14]} h6 {[%clk 1:30:25]} 11. Bd2 {[%clk 0:47:22]} e5 {[%clk 1:25:12]}
12. O-O-O {[%clk 0:37:03]} e4 {[%clk 1:19:42]} 13. Bxe4 {[%clk 0:37:02]} Qe7
{[%clk 1:18:57]} 14. Bd3 {[%clk 0:34:05]} Qxe2 {[%clk 1:08:13]} 15. Bxe2
{[%clk 0:34:34]} Ne4 {[%clk 1:05:58]} 16. Be1 {[%clk 0:25:38]} Nxf2
{[%clk 0:59:06]} 17. Bxf2 {[%clk 0:26:02]} Bxf2 {[%clk 0:59:32]} 18. Bc4
{[%clk 0:22:19]} Re8 {[%clk 0:44:03]} 19. Rhf1 {[%clk 0:20:21]} Be3+
{[%clk 0:44:18]} 20. Kb1 {[%clk 0:20:43]} Be6 {[%clk 0:43:39]} 21. Bxe6
{[%clk 0:16:16]} Rxe6 {[%clk 0:40:48]} 22. Rd7 {[%clk 0:14:00]} b5
{[%clk 0:39:49]} 23. Rxf7 {[%clk 0:07:00]} Rd8 {[%clk 0:25:46]} 24. Rf5
{[%clk 0:06:37]} a6 {[%clk 0:25:44]} 25. c3 {[%clk 0:02:20]} Bb6 {[%clk 0:24:56]}
26. Nd4 {[%clk 0:01:15]} Bxd4 {[%clk 0:25:03]} 27. cxd4 {[%clk 0:01:23]} Rxd4
{[%clk 0:25:22]} 28. R5f2 {[%clk 0:01:02]} Rde4 {[%clk 0:23:45]} 29. Rc1
{[%clk 0:00:53]} Re2 {[%clk 0:22:44]} 30. Rxe2 {[%clk 0:01:08]} Rxe2
{[%clk 0:23:10]} 31. Rc2 {[%clk 0:01:36]} Re1+ {[%clk 0:23:34]} 32. Rc1
{[%clk 0:02:02]} Re2 {[%clk 0:24:02]} 33. Rc2 {[%clk 0:02:30]} Re1+
{[%clk 0:24:27]} 34. Rc1 {[%clk 0:02:57]} Re2 {[%clk 0:24:54]} 1/2-1/2

[Event "Team women final 2016"]
[Site "Sochi"]
[Date "2016.05.03"]
[Round "3.3"]
[White "Nechaeva, Marina"]
[Black "Markelova, Lubov"]
[Result "1-0"]
[LiveChessVersion "1.4.4"]
[BlackElo "2059"]
[WhiteElo "2416"]
[BlackTeam "Ladya"]
[WhiteTeam "Ugra"]

1. d4 {[%clk 1:30:53]} d5 {[%clk 1:30:54]} 2. c4 {[%clk 1:31:19]} c6
{[%clk 1:31:18]} 3. Nc3 {[%clk 1:31:44]} Nf6 {[%clk 1:31:40]} 4. e3
{[%clk 1:32:09]} e6 {[%clk 1:31:49]} 5. Nf3 {[%clk 1:32:33]} Nbd7
{[%clk 1:32:02]} 6. Bd3 {[%clk 1:32:58]} dxc4 {[%clk 1:32:11]} 7. Bxc4
{[%clk 1:33:24]} b5 {[%clk 1:32:16]} 8. Bd3 {[%clk 1:33:49]} Bd6 {[%clk 1:32:27]}
9. O-O {[%clk 1:34:10]} O-O {[%clk 1:32:51]} 10. b3 {[%clk 1:34:35]} Bb7
{[%clk 1:31:51]} 11. Bb2 {[%clk 1:34:59]} a6 {[%clk 1:31:27]} 12. a4
{[%clk 1:35:24]} Qb8 {[%clk 1:30:25]} 13. h3 {[%clk 1:35:26]} h6 {[%clk 1:25:29]}
14. Rc1 {[%clk 1:32:50]} Rc8 {[%clk 1:24:13]} 15. Qe2 {[%clk 1:12:56]} bxa4
{[%clk 1:11:20]} 16. Nxa4 {[%clk 1:08:15]} c5 {[%clk 1:08:43]} 17. dxc5
{[%clk 1:04:20]} Nxc5 {[%clk 1:07:06]} 18. Nxc5 {[%clk 1:04:45]} Rxc5
{[%clk 1:05:10]} 19. Ra1 {[%clk 0:50:39]} a5 {[%clk 0:50:11]} 20. Rfd1
{[%clk 0:47:15]} Rc8 {[%clk 0:31:16]} 21. Nd4 {[%clk 0:37:48]} Bb4
{[%clk 0:19:44]} 22. Nb5 {[%clk 0:32:13]} Bd5 {[%clk 0:15:40]} 23. Bc4
{[%clk 0:32:22]} Bxc4 {[%clk 0:09:59]} 24. bxc4 {[%clk 0:32:47]} Qb7 25. Nd6
{[%clk 0:16:29]} Bxd6 {[%clk 0:08:41]} 26. Rxd6 {[%clk 0:10:25]} Qc7
{[%clk 0:01:34]} 27. Rad1 Rd8 {[%clk 0:01:33]} 28. c5 {[%clk 0:09:17]} Ne8
{[%clk 0:01:59]} 29. Rxd8 {[%clk 0:08:42]} Rxd8 {[%clk 0:02:25]} 30. Rxd8
{[%clk 0:07:21]} Qxd8 {[%clk 0:01:35]} 31. Qb5 {[%clk 0:03:32]} Nf6 32. Bxf6 gxf6
{[%clk 0:01:59]} 33. c6 {[%clk 0:03:58]} Qd1+ {[%clk 0:02:09]} 34. Kh2
{[%clk 0:04:10]} Qd6+ {[%clk 0:01:38]} 35. f4 {[%clk 0:02:02]} e5
{[%clk 0:01:33]} 36. Qb7 {[%clk 0:00:58]} exf4 {[%clk 0:01:38]} 37. c7 f3+
{[%clk 0:01:07]} 38. Kg1 {[%clk 0:01:35]} Qd1+ {[%clk 0:01:22]} 39. Kf2
{[%clk 0:01:32]} Qe2+ {[%clk 0:01:44]} 40. Kg3 {[%clk 0:31:59]} Qxg2+
{[%clk 0:31:43]} 41. Kf4 {[%clk 0:32:26]} Qh2+ {[%clk 0:08:46]} 42. Ke4
{[%clk 0:25:59]} f5+ {[%clk 0:06:35]} 43. Kxf5 {[%clk 0:20:22]} Qxh3+
{[%clk 0:06:12]} 44. Ke4 {[%clk 0:19:41]} Qg4+ {[%clk 0:01:42]} 45. Kd3
{[%clk 0:19:48]} Qg6+ {[%clk 0:01:03]} 46. e4 {[%clk 0:18:38]} Qd6+
{[%clk 0:00:35]} 47. Ke3 {[%clk 0:18:58]} Qc5+ {[%clk 0:00:40]} 48. Kd3
{[%clk 0:11:11]} Qa3+ {[%clk 0:00:33]} 49. Kc4 {[%clk 0:10:06]} Qa4+
{[%clk 0:00:33]} 50. Kc5 {[%clk 0:09:51]} Qc2+ {[%clk 0:00:37]} 51. Kb6
{[%clk 0:09:40]} Qf2+ {[%clk 0:00:33]} 52. Ka6 {[%clk 0:09:53]} Qe2+
{[%clk 0:00:42]} 53. Qb5 {[%clk 0:09:20]} Qxe4 {[%clk 0:00:32]} 54. c8=Q+
{[%clk 0:09:46]} 1-0

[Event "Team women final 2016"]
[Site "Sochi"]
[Date "2016.05.03"]
[Round "3.4"]
[White "Belova, Olga"]
[Black "Kovanova, Baira"]
[Result "0-1"]
[LiveChessVersion "1.4.4"]
[BlackElo "2391"]
[WhiteElo "2034"]
[BlackTeam "Ugra"]
[WhiteTeam "Ladya"]

1. e4 {[%clk 1:30:56]} d6 {[%clk 1:30:55]} 2. d4 {[%clk 1:31:15]} g6
{[%clk 1:31:21]} 3. Nc3 {[%clk 1:31:34]} Bg7 {[%clk 1:31:40]} 4. Be3
{[%clk 1:31:42]} a6 {[%clk 1:32:04]} 5. Qd2 {[%clk 1:30:23]} b5 {[%clk 1:31:59]}
6. f3 {[%clk 1:30:38]} Nd7 {[%clk 1:31:57]} 7. g4 {[%clk 1:21:28]} h5
{[%clk 1:30:27]} 8. g5 {[%clk 1:16:51]} e6 {[%clk 1:29:42]} 9. h4
{[%clk 1:16:45]} Ne7 {[%clk 1:26:58]} 10. Nge2 {[%clk 1:15:39]} c5
{[%clk 1:23:21]} 11. Bg2 {[%clk 1:09:15]} Bb7 {[%clk 1:12:12]} 12. O-O
{[%clk 1:00:08]} cxd4 {[%clk 1:00:08]} 13. Bxd4 {[%clk 0:54:36]} Ne5
{[%clk 0:56:00]} 14. Rab1 {[%clk 0:42:42]} N7c6 {[%clk 0:51:17]} 15. Bf2
{[%clk 0:41:50]} O-O {[%clk 0:47:30]} 16. b3 {[%clk 0:26:07]} Qc7
{[%clk 0:45:08]} 17. Nf4 {[%clk 0:23:37]} Qa5 {[%clk 0:41:34]} 18. Be1
{[%clk 0:19:25]} Rfd8 {[%clk 0:39:00]} 19. Nd3 {[%clk 0:16:28]} Rac8
{[%clk 0:37:01]} 20. a4 {[%clk 0:09:10]} Nd4 {[%clk 0:35:33]} 21. b4
{[%clk 0:05:47]} Qb6 {[%clk 0:31:08]} 22. Kh2 {[%clk 0:03:47]} Ndxf3+
{[%clk 0:18:44]} 23. Bxf3 {[%clk 0:03:18]} Rxc3 {[%clk 0:17:49]} 24. Bg2
{[%clk 0:00:35]} Rdc8 {[%clk 0:16:50]} 25. Rb2 {[%clk 0:00:34]} Qd4
{[%clk 0:15:00]} 26. Qf4 {[%clk 0:00:39]} Rxd3 {[%clk 0:14:51]} 27. cxd3
{[%clk 0:00:32]} Qxb2 {[%clk 0:15:13]} 0-1